Vista normal
Vista MARC
- Teopasquismo
Entrada Tema o Materia
Número de registros utilizados en: 1
001 - NUMERO DE CONTROL
- Campo de control: 355
003 - IDENTIFICADOR DEL NUMERO DE CONTROL
- Campo de control: CO-MdFUSB
005 - HORA Y FECHA DE LA ULTIMA TRANSACCIÓN
- Campo de control: 20160913170150.0
008 - CAMPO DE LONGITUD FIJA
- Campo fijo de descripción fija: 891214dn anznnbabn||||||||| a ana d
040 ## -
- : CO-MdFUSB
- : CO-MdFUSB
150 ## - ENCABEZAMIENTO DE MATERIA-TEMA
- Téma o Materia: Teopasquismo
550 ## - REFERENCIA DE ENVIO "VEASE ADEMAS" - MATERIA
- Subcampo de control: g
- Encabezamiento temático o nombre geográfico como elemento de entrada: Herejías cristianas
670 ## - FUENTE EN LA QUE SE LOCALIZARON DATOS
- Cita de la fuente : LCSH
- Información localizada : Adoptionism
750 #7 - ASIENTO LIGADO AL ENCABEZAMIENTO - TEMATICO
- Encabezamiento temático : Adoptionism
